[Event "RUS-ch Blitz Men 2018"]
[Site "Sochi"]
[Date "2018.10.07"]
[Round "3"]
[White "Sadovsky, Artem"]
[Black "Sjugirov, Sanan"]
[Result "0-1"]
[WhiteElo "2408"]
[BlackElo "2654"]
[Annotator "TA"]
[PlyCount "102"]
[EventDate "2018.10.07"]
[EventType "swiss"]
[EventCountry "RUS"]
[SourceTitle "playchess.com"]
[Source "ChessBase"]
[SourceQuality "1"]

1. c4 e5 2. g3 d6 3. Bg2 f5 4. Nc3 Nf6 5. d3 Be7 6. Nf3 O-O 7. O-O c6 8. b4 a6 9. Bb2 Kh8 10. Qc2 Be6 11. a4 Nbd7 12. b5 axb5 13. axb5 Qc7 14. Rxa8 Rxa8 15. Ra1 Rxa1+ 16. Bxa1 Qa5 17. Bb2 d5 18. bxc6 bxc6 19. cxd5 cxd5 20. Qb3 h6 21. d4 e4 22. Ne1 Nb6 23. Qb5 Qxb5 24. Nxb5 Na4 25. Ba3 Bxa3 26. Nxa3 g5 27. e3 Nc3 28. Nec2 f4 29. gxf4 gxf4 30. exf4 Nh5 31. f5 Bxf5 32. Ne3 Be6 33. Bf1 Nf4 34. Nb5 Nxb5 35. Bxb5 Kg7 36. f3 exf3 37. Kf2 Bf7 38. Kxf3 Ne6 39. Nc2 Bg6 40. Bd7 Ng5+ 41. Kf4 Bxc2 42. Ke5 Bb3 43. Kd6 Ne4+ 44. Kc6 Kf6 45. Bh3 Nc3 46. Bg2 Kf5 47. Kd6 Kf4 48. Ke6 Ne2 49. Bxd5 Nxd4+ 50. Kf6 Bxd5 51. Kg6 Nf5 0-1

[Event "RUS-ch Blitz Men 2018"]
[Site "Sochi"]
[Date "2018.10.07"]
[Round "3"]
[White "Nechaev, Oleg"]
[Black "Iljiushenok, Ilia"]
[Result "0-1"]
[WhiteElo "2400"]
[BlackElo "2539"]
[Annotator "ChessBase"]
[PlyCount "86"]
[EventDate "2018.10.07"]
[EventType "swiss"]
[EventCountry "RUS"]
[SourceTitle "playchess.com"]
[Source "ChessBase"]
[SourceQuality "1"]

1. d4 Nf6 2. Bg5 Ne4 3. Bf4 c5 4. f3 Nf6 5. d5 e6 6. e4 Qb6 7. Bc1 exd5 8. exd5 Bd6 9. Na3 Qb4+ 10. Qd2 Qh4+ 11. Qf2 Qxf2+ 12. Kxf2 Nxd5 13. Nb5 Be7 14. c4 a6 15. cxd5 axb5 16. Bxb5 O-O 17. Ne2 Na6 18. Nc3 Nc7 19. Bc4 Bf6 20. Bf4 b5 21. Bxc7 bxc4 22. Bd6 Bd4+ 23. Kg3 Re8 24. Rhe1 Bb7 25. Rxe8+ Rxe8 26. a4 f6 27. a5 Ra8 28. Ra4 Kf7 29. Bc7 Bxc3 30. bxc3 Bxd5 31. a6 Rc8 32. Bf4 Ke6 33. a7 d6 34. Ra6 Rd8 35. h4 h5 36. Be3 Kd7 37. Rb6 Kc7 38. Rb2 Ra8 39. Ra2 Be6 40. Bf4 Bc8 41. Ra5 Kb6 42. Ra4 Bd7 43. Rxc4 d5 0-1

[Event "RUS-ch Blitz Men 2018"]
[Site "Sochi"]
[Date "2018.10.07"]
[Round "3"]
[White "Apryshko, Gleb"]
[Black "Morozevich, Alexander"]
[Result "1-0"]
[WhiteElo "2399"]
[BlackElo "2656"]
[Annotator "TA"]
[PlyCount "86"]
[EventDate "2018.10.07"]
[EventType "swiss"]
[EventCountry "RUS"]
[SourceTitle "playchess.com"]
[Source "ChessBase"]
[SourceQuality "1"]

1. e4 e5 2. Nf3 Nc6 3. Nc3 Nf6 4. a3 g6 5. d4 exd4 6. Nxd4 Bg7 7. Nde2 O-O 8. g3 b5 9. Bg2 Rb8 10. O-O a5 11. Nf4 d6 12. Ncd5 Nd7 13. Rb1 b4 14. b3 Nc5 15. Re1 Re8 16. axb4 Nxb4 17. Bb2 Bxb2 18. Rxb2 c6 19. Nxb4 Rxb4 20. Ra2 Nxe4 21. Qa1 d5 22. Rxa5 Bf5 23. Nd3 Rb8 24. Ra7 Qf6 25. Qxf6 Nxf6 26. Rxe8+ Rxe8 27. Bf1 Rc8 28. Ra6 Ne4 29. Nb4 Bd7 30. Ra5 Kf8 31. Bd3 Nf6 32. Na6 Ke7 33. Nc5 Kd6 34. b4 Rb8 35. c3 d4 36. Na6 Re8 37. cxd4 Re1+ 38. Kg2 Rd1 39. Nc5 Be6 40. f3 Rd2+ 41. Kg1 Bd5 42. Ne4+ Bxe4 43. Bxe4 Rxd4 1-0

[Event "RUS-ch Blitz Men 2018"]
[Site "Sochi"]
[Date "2018.10.07"]
[Round "3"]
[White "Tekeyev, Zaur"]
[Black "Kobalia, Mikhail"]
[Result "1-0"]
[WhiteElo "2392"]
[BlackElo "2620"]
[Annotator "TA"]
[PlyCount "72"]
[EventDate "2018.10.07"]
[EventType "swiss"]
[EventCountry "RUS"]
[SourceTitle "playchess.com"]
[Source "ChessBase"]
[SourceQuality "1"]

1. e4 c5 2. Nf3 e6 3. g3 Nc6 4. Bg2 Nf6 5. Qe2 e5 6. O-O Be7 7. c3 O-O 8. d3 Re8 9. Na3 d6 10. h3 Rb8 11. Nc4 b5 12. Ne3 b4 13. Nh4 Bf8 14. Bd2 bxc3 15. bxc3 Ba6 16. Rfb1 Rxb1+ 17. Rxb1 Qa5 18. Be1 Rb8 19. Rxb8 Nxb8 20. Nd5 Nxd5 21. exd5 Nd7 22. c4 Qb6 23. Qc2 g6 24. Bd2 Bg7 25. a4 Bc8 26. a5 Qb7 27. g4 Nb8 28. Nf3 Na6 29. Ne1 Nb4 30. Qb3 Bf6 31. Nc2 Nxc2 32. Qxc2 Bh4 33. Kf1 f5 34. Bf3 Qf7 35. Ke2 fxg4 36. hxg4 Bxg4 1-0

[Event "RUS-ch Blitz Men 2018"]
[Site "Sochi"]
[Date "2018.10.07"]
[Round "3"]
[White "Asanov, Timur"]
[Black "Panarin, Mikhail"]
[Result "1/2-1/2"]
[WhiteElo "2389"]
[BlackElo "2562"]
[Annotator "TA"]
[PlyCount "97"]
[EventDate "2018.10.07"]
[EventType "swiss"]
[EventCountry "RUS"]
[SourceTitle "playchess.com"]
[Source "ChessBase"]
[SourceQuality "1"]

1. d4 Nf6 2. Nf3 c5 3. c3 d5 4. a3 e6 5. b4 b6 6. Bg5 Be7 7. Nbd2 O-O 8. e3 Ne4 9. Nxe4 dxe4 10. Bxe7 Qxe7 11. Nd2 cxd4 12. cxd4 Bb7 13. Be2 Nd7 14. O-O Rfc8 15. Qb1 Nf6 16. Qb2 Rc7 17. Rfc1 Rac8 18. h3 h6 19. Nb3 Bd5 20. Nd2 Bb7 21. Nb3 Bd5 22. Rxc7 Rxc7 23. Nd2 Qd7 24. Rc1 Qc8 25. Rxc7 Qxc7 26. Nb1 Ne8 27. Qc3 Qxc3 28. Nxc3 Nc7 29. g4 Kf8 30. Kg2 Ke7 31. Kg3 g5 32. h4 f5 33. hxg5 hxg5 34. f3 exf3 35. Bxf3 Bxf3 36. Kxf3 Kd6 37. e4 fxe4+ 38. Kxe4 a6 39. a4 Ne8 40. Ke3 Ke7 41. Ne4 Nc7 42. Kd3 Nd5 43. b5 axb5 44. axb5 Nf4+ 45. Kc4 Ng2 46. Kd3 Nf4+ 47. Kc4 Ng2 48. Kd3 Nf4+ 49. Kc4 1/2-1/2

[Event "RUS-ch Blitz Men 2018"]
[Site "Sochi"]
[Date "2018.10.07"]
[Round "3"]
[White "Ozgibcev, Anatoly"]
[Black "Rozum, Ivan"]
[Result "0-1"]
[WhiteElo "2368"]
[BlackElo "2573"]
[Annotator "TA"]
[PlyCount "72"]
[EventDate "2018.10.07"]
[EventType "swiss"]
[EventCountry "RUS"]
[SourceTitle "playchess.com"]
[Source "ChessBase"]
[SourceQuality "1"]

1. e4 c6 2. d4 d5 3. exd5 cxd5 4. c3 Nc6 5. Bd3 Nf6 6. Bf4 g6 7. Nf3 Bf5 8. O-O Bxd3 9. Qxd3 Bg7 10. h3 Ne4 11. Ng5 Nxg5 12. Bxg5 Qd7 13. Nd2 O-O 14. Rfe1 Rfe8 15. Nf3 a6 16. a4 Rad8 17. Bf4 f6 18. Qd2 e5 19. dxe5 fxe5 20. Bh6 e4 21. Nh2 Ne5 22. Bxg7 Qxg7 23. Ng4 Nd3 24. Nh6+ Kh8 25. Re2 Rf8 26. Ng4 h5 27. Ne3 Rd7 28. a5 Qe5 29. Rf1 Rdf7 30. Nc2 Qf6 31. Nd4 Kh7 32. Qe3 h4 33. f3 Nf4 34. Ref2 Qg5 35. Kh2 Nxh3 36. gxh3 Qxe3 0-1

[Event "RUS-ch Blitz Men 2018"]
[Site "Sochi"]
[Date "2018.10.07"]
[Round "3"]
[White "Dilmukhametov, Artur"]
[Black "Paravyan, David"]
[Result "0-1"]
[WhiteElo "2353"]
[BlackElo "2629"]
[Annotator "TA"]
[PlyCount "68"]
[EventDate "2018.10.07"]
[EventType "swiss"]
[EventCountry "RUS"]
[SourceTitle "playchess.com"]
[Source "ChessBase"]
[SourceQuality "1"]

1. d4 d5 2. Nc3 Nf6 3. Bf4 c5 4. e3 cxd4 5. exd4 a6 6. Qd2 Nc6 7. f3 h5 8. Nge2 Bf5 9. Ng3 Bh7 10. Bd3 h4 11. Nge2 Bxd3 12. Qxd3 e6 13. O-O-O Bd6 14. Rhe1 Nh5 15. Bxd6 Qxd6 16. Qe3 O-O-O 17. g3 hxg3 18. hxg3 Ne7 19. g4 Nf6 20. Rh1 Ng6 21. Kb1 Kb8 22. Nc1 Rh2 23. Rxh2 Qxh2 24. Qg1 Rh8 25. Nd3 Qxg1 26. Rxg1 Rh3 27. f4 Ne4 28. Ne2 Nh4 29. a3 Nf3 30. Rd1 Rh2 31. Nec1 Nxd4 32. Ne5 Nxc2 33. Nxf7 Nxa3+ 34. Ka2 Nc3+ 0-1

[Event "RUS-ch Blitz Men 2018"]
[Site "Sochi"]
[Date "2018.10.07"]
[Round "3"]
[White "Derjabin, Ilja"]
[Black "Alekseenko, Kirill"]
[Result "1-0"]
[WhiteElo "2345"]
[BlackElo "2639"]
[Annotator "TA"]
[PlyCount "125"]
[EventDate "2018.10.07"]
[EventType "swiss"]
[EventCountry "RUS"]
[SourceTitle "playchess.com"]
[Source "ChessBase"]
[SourceQuality "1"]

1. d4 d5 2. Nc3 Nf6 3. Bg5 e6 4. e4 dxe4 5. Nxe4 Be7 6. Bxf6 gxf6 7. Nf3 b6 8. Bb5+ Bd7 9. Bxd7+ Qxd7 10. Qe2 Nc6 11. O-O-O O-O-O 12. Rhe1 Kb8 13. c3 Rhg8 14. g3 a5 15. Kb1 Kb7 16. h4 a4 17. Qc2 Ra8 18. a3 Na5 19. c4 Qc6 20. d5 Qxc4 21. dxe6 Qxc2+ 22. Kxc2 fxe6 23. Nd4 f5 24. Nc3 Bc5 25. Nxa4 Bxd4 26. Rxd4 Nc6 27. Rc4 e5 28. Nc3 Rad8 29. Ne2 h5 30. Rd1 b5 31. Rxd8 Rxd8 32. Rc3 e4 33. b4 Rd5 34. Rc5 Rd3 35. Rxb5+ Kc8 36. Rc5 Kb7 37. Rb5+ Kc8 38. Rc5 Kd7 39. b5 Ne7 40. a4 Ra3 41. Nc3 Ra1 42. Kb2 Rf1 43. a5 Rxf2+ 44. Kb3 Kc8 45. a6 Kb8 46. Re5 Nc8 47. Nd5 Nd6 48. Nb4 Rf3+ 49. Ka4 Nc4 50. Nc6+ Kc8 51. Re8+ Kd7 52. Rd8+ Ke6 53. a7 Nb6+ 54. Kb4 Rxg3 55. Rb8 Rg1 56. Rxb6 Rb1+ 57. Kc3 cxb6 58. a8=Q f4 59. Qe8+ Kf5 60. Qe5+ Kg4 61. Qxe4 Rc1+ 62. Kb2 Rf1 63. Qg2+ 1-0

[Event "RUS-ch Blitz Men 2018"]
[Site "Sochi"]
[Date "2018.10.07"]
[Round "3"]
[White "Papenin, Nikolai"]
[Black "Oparin, Grigoriy"]
[Result "0-1"]
[WhiteElo "2334"]
[BlackElo "2624"]
[Annotator "TA"]
[PlyCount "66"]
[EventDate "2018.10.07"]
[EventType "swiss"]
[EventCountry "RUS"]
[SourceTitle "playchess.com"]
[Source "ChessBase"]
[SourceQuality "1"]

1. d4 f5 2. g3 Nf6 3. Bg2 g6 4. c4 Bg7 5. Nc3 d6 6. d5 Nbd7 7. Nh3 Ne5 8. b3 O-O 9. Bb2 c6 10. Nf4 g5 11. Nd3 Ng6 12. h4 gxh4 13. gxh4 h5 14. Qd2 Kh7 15. O-O-O Bd7 16. Kb1 a5 17. Rdg1 Ng4 18. Qg5 Bh6 19. f3 Bxg5 20. hxg5 N4e5 21. Rxh5+ Kg8 22. Rh6 Kf7 23. Nxe5+ dxe5 24. Rh7+ Ke8 25. Rg7 f4 26. Ne4 Bf5 27. Ka1 cxd5 28. Rd1 dxe4 29. Rxd8+ Rxd8 30. fxe4 Rd1+ 31. Bc1 Rxc1+ 32. Kb2 Rg1 33. Bf3 Bg4 0-1

[Event "RUS-ch Blitz Men 2018"]
[Site "Sochi"]
[Date "2018.10.07"]
[Round "3"]
[White "Ivlev, Aleksey"]
[Black "Chigaev, Maksim"]
[Result "0-1"]
[WhiteElo "2326"]
[BlackElo "2599"]
[Annotator "ChessBase"]
[PlyCount "109"]
[EventDate "2018.10.07"]
[EventType "swiss"]
[EventCountry "RUS"]
[SourceTitle "playchess.com"]
[Source "ChessBase"]
[SourceQuality "1"]

1. d4 Nf6 2. c4 g6 3. Nf3 Bg7 4. Nc3 O-O 5. e4 d6 6. Be2 Na6 7. Bg5 h6 8. Bh4 g5 9. Bg3 Nh5 10. O-O e6 11. a3 f5 12. exf5 exf5 13. Ne1 Nxg3 14. fxg3 c5 15. dxc5 dxc5 16. Qc2 Nc7 17. Bf3 Ne6 18. Bd5 Kh8 19. Nf3 Nd4 20. Nxd4 cxd4 21. Nd1 f4 22. gxf4 Bf5 23. Qd2 gxf4 24. Nf2 Qg5 25. Nd3 f3 26. Qxg5 hxg5 27. Rxf3 g4 28. Rxf5 Rxf5 29. Bxb7 Re8 30. c5 Bh6 31. c6 Be3+ 32. Kh1 Ref8 33. g3 Rf1+ 34. Kg2 Rxa1 35. h3 Rd1 36. Ba6 gxh3+ 37. Kxh3 Rf7 38. Ne5 Rh7+ 39. Kg4 Rc1 40. Bd3 Rc7 41. Be4 d3 42. Nxd3 R1xc6 43. Bxc6 Rxc6 44. Kf3 Bd4 45. Ke4 Bf6 46. Kd5 Rb6 47. b4 Ra6 48. Nc5 Rxa3 49. Kc6 Bd4 50. Ne6 Bb6 51. g4 Rg3 52. g5 Kg8 53. Nc5 Bxc5 54. Kxc5 Rxg5+ 55. Kd4 0-1

[Event "RUS-ch Blitz Men 2018"]
[Site "Sochi"]
[Date "2018.10.07"]
[Round "3"]
[White "Miroshnichenko, Pavel"]
[Black "Hasangatin, Ramil"]
[Result "0-1"]
[WhiteElo "2275"]
[BlackElo "2485"]
[Annotator "RC"]
[PlyCount "76"]
[EventDate "2018.10.07"]
[EventType "swiss"]
[EventCountry "RUS"]
[SourceTitle "playchess.com"]
[Source "ChessBase"]
[SourceQuality "1"]

1. e4 d5 2. Nc3 Nf6 3. exd5 Nxd5 4. Bc4 Nxc3 5. Qf3 e6 6. Qxc3 Qf6 7. Nf3 Qxc3 8. bxc3 Bd6 9. d4 Nd7 10. O-O O-O 11. a4 b6 12. a5 Bb7 13. Nd2 Nf6 14. Ba3 Bxa3 15. Rxa3 Rab8 16. axb6 axb6 17. Ra7 Rfc8 18. Be2 Nd5 19. Bf3 Bc6 20. Rfa1 Ne7 21. c4 Kf8 22. c3 h6 23. Kf1 Ke8 24. Ke2 Bxf3+ 25. Nxf3 Nc6 26. R7a2 Na5 27. Kd3 c5 28. Nd2 Ke7 29. Rb1 cxd4 30. cxd4 Kd7 31. Rab2 Kc7 32. Ne4 Nc6 33. c5 bxc5 34. dxc5 Rd8+ 35. Kc3 Rxb2 36. Rxb2 Rd5 37. Kc4 Rd4+ 38. Kc3 Rxe4 0-1

[Event "RUS-ch Blitz Men 2018"]
[Site "Sochi"]
[Date "2018.10.07"]
[Round "3"]
[White "Pogosian, Samvel"]
[Black "Demidov, Mikhail"]
[Result "1/2-1/2"]
[WhiteElo "2263"]
[BlackElo "2514"]
[Annotator "TA"]
[PlyCount "257"]
[EventDate "2018.10.07"]
[EventType "swiss"]
[EventCountry "RUS"]
[SourceTitle "playchess.com"]
[Source "ChessBase"]
[SourceQuality "1"]

1. d4 e6 2. Nf3 Nf6 3. Nbd2 c5 4. e3 b6 5. c3 Bb7 6. Bd3 g6 7. e4 Bg7 8. O-O O-O 9. Re1 cxd4 10. cxd4 d6 11. b4 Nc6 12. a3 Rc8 13. Bb2 a6 14. Rc1 b5 15. Nb3 Ne7 16. Na5 Ba8 17. Qd2 Rxc1 18. Bxc1 Qb6 19. Qg5 Rc8 20. Bd2 Nc6 21. Nxc6 Qxc6 22. Qh4 Qb6 23. h3 Bb7 24. Bg5 Nd7 25. d5 exd5 26. exd5 Bxd5 27. Re7 Bxf3 28. Rxd7 Qc6 29. Re7 Bd5 30. Bh6 Qc3 31. Bxg7 Kxg7 32. Bf1 Qf6 33. Qxf6+ Kxf6 34. Ra7 Rc6 35. f3 Ke5 36. Kf2 Kd4 37. h4 h5 38. g4 Be6 39. gxh5 gxh5 40. Be2 Ke5 41. Kg3 Kf6 42. Ra8 d5 43. Kf4 d4 44. Rd8 Rc2 45. Bd3 Rc3 46. Rxd4 Rxa3 47. Be4 Rb3 48. Bb7 Ra3 49. Rd6 Ra4 50. Bxa6 Rxb4+ 51. Kg3 Rb2 52. Bc8 Ke5 53. Rc6 Bd5 54. Rh6 b4 55. Rxh5+ Kd4 56. Bf5 b3 57. Rh8 Ke5 58. Bh7 Rd2 59. Re8+ Kf6 60. Rd8 b2 61. Rb8 Ke5 62. h5 f5 63. f4+ Ke4 64. Rb4+ Ke3 65. Bxf5 Rg2+ 66. Kh3 Rg1 67. h6 Rh1+ 68. Kg4 Rxh6 69. Rxb2 Rh8 70. Bg6 Rf8 71. f5 Be4 72. Rb3+ Kd4 73. Rb4+ Ke5 74. Rb5+ Kf6 75. Rb6+ Ke5 76. Kg5 Bxf5 77. Rb5+ Kd4 78. Bxf5 Kc4 79. Re5 Kd4 80. Re4+ Kd5 81. Re1 Kd4 82. Kf4 Kd5 83. Rd1+ Kc5 84. Ke5 Kb6 85. Be6 Rf2 86. Rb1+ Kc5 87. Rc1+ Kb6 88. Bd5 Rb2 89. Kd6 Rb4 90. Rc8 Kb5 91. Rc7 Kb6 92. Rc6+ Kb5 93. Rc1 Kb6 94. Bc4 Rb2 95. Rc3 Rb4 96. Be6 Rd4+ 97. Bd5 Rb4 98. Rc6+ Kb5 99. Ke5 Rb2 100. Rc7 Rb4 101. Rb7+ Kc5 102. Rc7+ Kb6 103. Rc8 Kb5 104. Be6 Kb6 105. Kd6 Rd4+ 106. Ke5 Rb4 107. Rc1 Rb5+ 108. Kd4 Rb4+ 109. Bc4 Rb2 110. Rg1 Rd2+ 111. Bd3 Rb2 112. Rg6+ Kc7 113. Kc5 Kd7 114. Bc4 Ke7 115. Re6+ Kf8 116. Kd4 Kg7 117. Ke5 Rg2 118. Re7+ Kh6 119. Bd5 Rg7 120. Re8 Kg5 121. Be6 Rg6 122. Rb8 Rg7 123. Rb1 Rg6 124. Bf5 Rg7 125. Rf1 Re7+ 126. Be6 Rg7 127. Rf5+ Kg6 128. Rf6+ Kg5 129. Rf1 1/2-1/2

[Event "RUS-ch Blitz Men 2018"]
[Site "Sochi"]
[Date "2018.10.07"]
[Round "3"]
[White "Kozak, Alexander"]
[Black "Ponkratov, Pavel"]
[Result "0-1"]
[WhiteElo "2262"]
[BlackElo "2628"]
[Annotator "TA"]
[PlyCount "57"]
[EventDate "2018.10.07"]
[EventType "swiss"]
[EventCountry "RUS"]
[SourceTitle "playchess.com"]
[Source "ChessBase"]
[SourceQuality "1"]

1. e4 c5 2. c3 d6 3. d4 Nf6 4. f3 Nbd7 5. Be3 g6 6. Qd2 Bg7 7. Bh6 Bxh6 8. Qxh6 Qb6 9. Qd2 O-O 10. Na3 cxd4 11. cxd4 Nb8 12. Nc4 Qd8 13. Ne3 Nc6 14. Bc4 e5 15. Ne2 Qb6 16. O-O-O Bd7 17. Kb1 Rac8 18. Nd5 Nxd5 19. Bxd5 Nb4 20. Nc3 Kg7 21. dxe5 dxe5 22. Bxb7 Rc7 23. Bd5 Rfc8 24. Ka1 a5 25. h4 h5 26. a3 Be6 27. Bxe6 Qxe6 28. axb4 axb4 29. Nd5 0-1

[Event "RUS-ch Blitz Men 2018"]
[Site "Sochi"]
[Date "2018.10.07"]
[Round "3"]
[White "Nazaretyan, Tigran"]
[Black "Shcherbakov, Ruslan"]
[Result "1/2-1/2"]
[WhiteElo "2248"]
[BlackElo "2516"]
[Annotator "TA"]
[PlyCount "120"]
[EventDate "2018.10.07"]
[EventType "swiss"]
[EventCountry "RUS"]
[SourceTitle "playchess.com"]
[Source "ChessBase"]
[SourceQuality "1"]

1. d4 Nf6 2. c4 b6 3. Nc3 Bb7 4. Qc2 d5 5. cxd5 Nxd5 6. e4 Nxc3 7. bxc3 e5 8. d5 c6 9. c4 Nd7 10. Nf3 Bb4+ 11. Bd2 Bxd2+ 12. Qxd2 O-O 13. Bd3 cxd5 14. cxd5 Qe7 15. O-O Nc5 16. Rfc1 Rac8 17. Rc3 Na4 18. Rc2 Rxc2 19. Bxc2 Nc5 20. a4 a5 21. Qc3 Re8 22. Rb1 Qd6 23. Nd2 Ba6 24. Qb2 Nd7 25. h3 Rc8 26. Rc1 Qc5 27. Nb3 Qb4 28. Bd1 Rc4 29. Rxc4 Qxc4 30. Nd2 Qd3 31. Qc2 Nc5 32. Qxd3 Bxd3 33. f3 Kf8 34. Kf2 Ke7 35. Ke3 Ba6 36. Bc2 Kd6 37. f4 f6 38. g4 b5 39. axb5 Bxb5 40. g5 a4 41. Nb1 fxg5 42. fxg5 h6 43. h4 Ba6 44. Na3 Kc7 45. gxh6 gxh6 46. Kf3 Bc8 47. Nc4 Ba6 48. Nxe5 a3 49. Bb1 Kd6 50. Nf7+ Ke7 51. Nxh6 Bd3 52. Ba2 Bxe4+ 53. Ke3 Bc2 54. Kd4 Bb3 55. Kxc5 Bxa2 56. Kb4 Bxd5 57. Kxa3 Be6 58. Kb4 Kf6 59. Kc5 Kg6 60. Kd6 Kxh6 1/2-1/2

[Event "RUS-ch Blitz Men 2018"]
[Site "Sochi"]
[Date "2018.10.07"]
[Round "3"]
[White "Kretov, Evgenij"]
[Black "Timofeev, Artyom"]
[Result "0-1"]
[WhiteElo "2219"]
[BlackElo "2580"]
[Annotator "TA"]
[PlyCount "226"]
[EventDate "2018.10.07"]
[EventType "swiss"]
[EventCountry "RUS"]
[SourceTitle "playchess.com"]
[Source "ChessBase"]
[SourceQuality "1"]

1. d4 Nf6 2. c4 g6 3. Nc3 d5 4. cxd5 Nxd5 5. Bd2 Nb6 6. Bg5 Bg7 7. e3 O-O 8. Nf3 Nc6 9. Be2 h6 10. Bh4 Be6 11. O-O Bc4 12. Rc1 Bxe2 13. Qxe2 Qd7 14. Rfd1 e6 15. Bg3 Rac8 16. h3 Rfe8 17. a3 Qe7 18. Qb5 Red8 19. Ne4 Rd5 20. Nc5 e5 21. dxe5 a6 22. Qb3 Rxc5 23. Rxc5 Qxc5 24. e6 Qe7 25. exf7+ Qxf7 26. Qc2 Kh7 27. h4 Qf5 28. e4 Qh5 29. Qb3 Qg4 30. Re1 Qd7 31. h5 gxh5 32. e5 Rf8 33. e6 Qd5 34. Qc2+ Kg8 35. Bxc7 Nc8 36. Bg3 N8e7 37. b4 Nf5 38. Bh2 h4 39. Qe2 h3 40. gxh3 Nfd4 41. Nxd4 Nxd4 42. Qe4 Nf3+ 43. Kh1 Qxe4 44. Rxe4 Re8 45. Bg3 Ng5 46. Rc4 Nxe6 47. Kg2 Kf7 48. a4 Rd8 49. b5 Rd4 50. Rc8 Rxa4 51. Rb8 Nc5 52. Bd6 Nd7 53. Rxb7 Ke6 54. Bc7 axb5 55. Rxb5 Nf6 56. Rb6+ Kf7 57. Be5 Re4 58. Bb2 Re2 59. Rb7+ Kg6 60. Bd4 Rd2 61. Be3 Ra2 62. Bd4 Ra4 63. Bb2 Rc4 64. Be5 Rc5 65. Bd4 Rg5+ 66. Kh2 Rd5 67. Bb2 Rd2 68. Kg2 Nh5 69. Rb6+ Kh7 70. Bxg7 Kxg7 71. Rb7+ Kg6 72. Rb6+ Nf6 73. Kg3 Rd3+ 74. f3 Kf5 75. Rb5+ Kg6 76. Rb6 Kg5 77. Rb5+ Kg6 78. Rb6 h5 79. Ra6 Rb3 80. Rc6 Rb1 81. Ra6 Rb5 82. Rc6 Kg5 83. h4+ Kf5 84. Ra6 Nd5 85. Ra8 Rb3 86. Rh8 Nf6 87. Ra8 Ne4+ 88. Kg2 Rb2+ 89. Kh3 Rb3 90. Kg2 Nf6 91. Kg3 Rb5 92. Ra4 Nd5 93. Ra8 Rb1 94. Ra5 Rd1 95. Rb5 Kg6 96. Ra5 Ne3 97. Rg5+ Kh6 98. Ra5 Rd7 99. Kf4 Nd5+ 100. Ke5 Nb4 101. Rb5 Nd3+ 102. Ke4 Nf2+ 103. Ke3 Nh3 104. Rb6+ Kg7 105. Re6 Kf7 106. Re5 Kg6 107. Re6+ Kf5 108. Re8 Rf7 109. Re4 Ra7 110. Rb4 Ra3+ 111. Ke2 Nf4+ 112. Kd2 Ra2+ 113. Ke1 Nd3+ 0-1

[Event "RUS-ch Blitz Men 2018"]
[Site "Sochi"]
[Date "2018.10.07"]
[Round "3"]
[White "Mikhailovsky, Vladimir"]
[Black "Demchenko, Anton"]
[Result "1-0"]
[WhiteElo "2185"]
[BlackElo "2679"]
[Annotator "TA"]
[PlyCount "175"]
[EventDate "2018.10.07"]
[EventType "swiss"]
[EventCountry "RUS"]
[SourceTitle "playchess.com"]
[Source "ChessBase"]
[SourceQuality "1"]

1. d4 Nf6 2. Nf3 d6 3. Nc3 Bf5 4. Bg5 Nbd7 5. Nh4 Bg4 6. h3 Bh5 7. g4 Bg6 8. Nxg6 hxg6 9. Bg2 c6 10. e4 e5 11. Qd2 Be7 12. O-O-O Qc7 13. f4 O-O-O 14. fxe5 dxe5 15. d5 Nb6 16. Rhf1 Kb8 17. Kb1 Rhf8 18. Rf2 Ne8 19. Bxe7 Qxe7 20. Rdf1 Nd6 21. dxc6 bxc6 22. Qc1 g5 23. b3 f6 24. Qa3 Qc7 25. Qc5 Nb7 26. Qe3 Rh8 27. Rd2 Rxd2 28. Qxd2 Nd8 29. Rd1 Ne6 30. Qe3 Rd8 31. Rxd8+ Qxd8 32. a4 Qd6 33. a5 Nc8 34. Na4 Nf4 35. Bf3 Ne6 36. Be2 Qd4 37. Qxd4 exd4 38. Kb2 Kc7 39. c3 Kd6 40. Bc4 dxc3+ 41. Kxc3 Nf4 42. Bf1 Ne7 43. Kd4 Neg6 44. b4 Ne5 45. Nc5 Nd7 46. Nb7+ Kc7 47. Nc5 Ne5 48. Na6+ Kd6 49. Nc5 Neg6 50. Nb7+ Kc7 51. Nc5 Nf8 52. Ke3 N8e6 53. Nb3 Kd6 54. a6 Kc7 55. Na5 Kb6 56. Kf3 Nd4+ 57. Ke3 Nb5 58. Nc4+ Kxa6 59. Nd6 Kb6 60. Ne8 Na3 61. Nxg7 Nc2+ 62. Kf3 Nxb4 63. h4 Ng6 64. h5 Ne5+ 65. Kg3 a5 66. h6 a4 67. h7 Ng6 68. Bc4 a3 69. Ne6 a2 70. Bxa2 Nxa2 71. e5 fxe5 72. Nxg5 c5 73. Nf7 Kc7 74. Nxe5 Nh8 75. Kf4 Kd6 76. Kf5 Nb4 77. Ng6 Nf7 78. Kf6 Nh6 79. h8=Q Nxg4+ 80. Kg5 Nf2 81. Qf6+ Kd5 82. Qxf2 Kc4 83. Ne5+ Kd5 84. Nf3 Nd3 85. Qe3 Kc4 86. Qe4+ Kc3 87. Ne5 c4 88. Qxc4+ 1-0

[Event "RUS-ch Blitz Men 2018"]
[Site "Sochi"]
[Date "2018.10.07"]
[Round "4"]
[White "Matlakov, Maxim"]
[Black "Kozionov, Kirill"]
[Result "1-0"]
[WhiteElo "2683"]
[BlackElo "2458"]
[Annotator "TA"]
[PlyCount "39"]
[EventDate "2018.10.07"]
[EventType "swiss"]
[EventCountry "RUS"]
[SourceTitle "playchess.com"]
[Source "ChessBase"]
[SourceQuality "1"]

1. d4 Nf6 2. Bf4 g6 3. Nc3 d5 4. e3 Bg7 5. h4 h5 6. Nf3 O-O 7. Qd2 b6 8. Ne5 c5 9. O-O-O c4 10. f3 a6 11. g4 b5 12. Ne2 hxg4 13. Ng3 Nbd7 14. h5 Nxe5 15. dxe5 Nxh5 16. Nxh5 gxh5 17. Rxh5 b4 18. Qh2 Be6 19. Bh6 g3 20. Qxg3 1-0

[Event "RUS-ch Blitz Men 2018"]
[Site "Sochi"]
[Date "2018.10.07"]
[Round "4"]
[White "Morozevich, Alexander"]
[Black "Apryshko, Gleb"]
[Result "1-0"]
[WhiteElo "2656"]
[BlackElo "2399"]
[Annotator "TA"]
[PlyCount "47"]
[EventDate "2018.10.07"]
[EventType "swiss"]
[EventCountry "RUS"]
[SourceTitle "playchess.com"]
[Source "ChessBase"]
[SourceQuality "1"]

1. e4 g6 2. d4 Bg7 3. h4 d5 4. e5 c5 5. c3 Nc6 6. h5 Nh6 7. Bb5 Qb6 8. a4 Bg4 9. f3 Bd7 10. Ne2 a6 11. Bxc6 Qxc6 12. Be3 cxd4 13. cxd4 f6 14. Nbc3 Nf5 15. h6 Bf8 16. Bc1 g5 17. Qb3 Be6 18. g4 Nxh6 19. Qc2 Bg7 20. Be3 Bf7 21. Rc1 Rc8 22. Qb3 Be6 23. Ne4 dxe4 24. Rxc6 1-0

[Event "RUS-ch Blitz Men 2018"]
[Site "Sochi"]
[Date "2018.10.07"]
[Round "4"]
[White "Sjugirov, Sanan"]
[Black "Sadovsky, Artem"]
[Result "1/2-1/2"]
[WhiteElo "2654"]
[BlackElo "2408"]
[Annotator "TA"]
[PlyCount "93"]
[EventDate "2018.10.07"]
[EventType "swiss"]
[EventCountry "RUS"]
[SourceTitle "playchess.com"]
[Source "ChessBase"]
[SourceQuality "1"]

1. e4 g6 2. d4 Bg7 3. Nc3 c6 4. f4 d5 5. e5 h5 6. Nf3 Nh6 7. Be3 Bg4 8. h3 Nf5 9. Bf2 Bxf3 10. Qxf3 h4 11. Bd3 e6 12. O-O Bf8 13. Na4 Nd7 14. b3 Ba3 15. Rab1 b5 16. Nc3 Nb6 17. Ne2 Qd7 18. b4 a5 19. Bxf5 Nc4 20. Bg4 axb4 21. Qd3 Bb2 22. Nc1 Ra3 23. Nb3 Rxa2 24. Be1 Qe7 25. Be2 Kf8 26. Kh1 Kg7 27. Qf3 Ba3 28. Bd3 Bb2 29. Rd1 Bc3 30. Rb1 Qa7 31. Bxc3 bxc3 32. Qf2 Nb2 33. Be2 Na4 34. Rbc1 Qe7 35. Bd3 Nb2 36. Be2 Na4 37. Qe3 Qb4 38. Bd3 Nb2 39. f5 exf5 40. Bxf5 gxf5 41. Qg5+ Kf8 42. Nc5 Ra7 43. Qd8+ Kg7 44. Qf6+ Kg8 45. Rxf5 Rh7 46. Rg5+ Kf8 47. Qd8# 1/2-1/2